Портрет Дориана Грея: роман; пер. с англ.

Dades bibliogràfiques
Autor principal: Уайльд О. Оскар
Altres autors: Абкина М. (переводчик)
Sumari:Роман Оскара Уайльда "Портрет Дориана Грея" — шедевр английской литературы, увидевший свет в 1890 году. Драматичная, парадоксальная, завораживающая и интригующая история Дориана Грея была далеко не однозначно воспринята современниками писателя, ведь он демонстративно пренебрегал правилами чопорной морали. И все-таки Уайльд написал глубоко нравственную книгу, в которой само искусство мстит за попранную красоту и преданную любовь. Однажды художник написал портрет прекрасного юноши, но ни художник, ни его модель и представить себе не могли, чем это обернется...
Idioma:rus
Publicat: Санкт-Петербург, Азбука, 2015
Col·lecció:Азбука-классика
Школьная библиотека
Matèries:
Format: MixedMaterials Llibre
KOHA link:https://koha.lib.tpu.ru/cgi-bin/koha/opac-detail.pl?biblionumber=376963

MARC

LEADER 00000nam0a2200000 4500
001 376963
005 20231102012851.0
010 |a 9785389074408 
035 |a (RuTPU)RU\TPU\retro\34407 
090 |a 376963 
100 |a 20230131d2015 m y0rusy50 ca 
101 1 |a rus  |c eng 
102 |a RU 
105 |a y z 000ay 
200 1 |a Портрет Дориана Грея  |e роман  |e пер. с англ.  |f О. Уайльд  |g пер. М. Абкина 
210 |a Санкт-Петербург  |c Азбука  |c Азбука-Аттикус  |d 2015 
215 |a 352 с. 
225 1 |a Азбука-классика 
225 1 |a Школьная библиотека 
330 |a Роман Оскара Уайльда "Портрет Дориана Грея" — шедевр английской литературы, увидевший свет в 1890 году. Драматичная, парадоксальная, завораживающая и интригующая история Дориана Грея была далеко не однозначно воспринята современниками писателя, ведь он демонстративно пренебрегал правилами чопорной морали. И все-таки Уайльд написал глубоко нравственную книгу, в которой само искусство мстит за попранную красоту и преданную любовь. Однажды художник написал портрет прекрасного юноши, но ни художник, ни его модель и представить себе не могли, чем это обернется... 
606 1 |a Английская литература  |2 stltpush  |3 (RuTPU)RU\TPU\subj\29042  |9 52454 
610 1 |a художественная литература 
610 1 |a романы 
675 |a 82  |v 4 
700 1 |a Уайльд  |b О.  |c английский писатель  |c поэт  |f 1854-1900  |g Оскар  |2 stltpush  |3 (RuTPU)RU\TPU\pers\12465  |9 3472 
702 1 |a Абкина  |b М.  |4 730 
801 1 |a RU  |b 63413507  |c 20230131 
801 2 |a RU  |b 63413507  |c 20230310  |g RCR 
942 |c BK